| 000 | 00838cam a22002655a 4500 | ||
|---|---|---|---|
| 001 | 016622751 | ||
| 003 | OSt | ||
| 005 | 20160530130455.0 | ||
| 008 | 140129t2014 nyua frb 001 0 eng d | ||
| 020 | _a9781259060724 | ||
| 020 | _a1259060721 | ||
| 040 |
_aStDuBDS _beng _cStDuBDS _dUk _dEG-SCBUE |
||
| 082 | 0 | 4 |
_222 _a616.89 _bNOL |
| 100 | 1 |
_aNolen-Hoeksema, Susan, _d1959-2013. _940094 |
|
| 245 | 1 | 0 |
_aAbnormal psychology / _cSusan Nolen-Hoeksema. |
| 250 | _a6th ed., McGraw-Hill international ed. | ||
| 260 |
_aNew York : _bMcGraw-Hill Education, _cc.2014. |
||
| 300 |
_a(various pagings) : _bill. ; _c28 cm. |
||
| 500 | _aPrevious edition : 2011. | ||
| 504 | _aIncludes bibliographical references and index. | ||
| 650 | 7 |
_aPsychology, Pathological. _2BUEsh _936168 |
|
| 651 | _2BUEsh | ||
| 653 |
_bHHUUPPSS _cMay2016 |
||
| 942 | _2ddc | ||
| 999 |
_c21826 _d21798 |
||